000 00637nam a22001697a 4500
999 _c60756
_d60756
005 20231019102409.0
008 231019s1985 ru ||||| |||| 00| 0 rus d
041 _arus
080 _a528 П-63
100 _aПостников, А.
_920120
245 _aРазвитие картографии и вопросы использования старых карт /
_cА. Постников.
264 _aМосква :
_bНаука,
_c1985.
300 _a213 стр.:
_bил.;
_c25 см.
653 _aკარტოგრაფია
653 _aძველი რუკების გამოყენება
942 _2udc
_cBK